[Event "EU-ch Amateur Online 1400/1700"]
[Site "Tornelo INT"]
[Date "2021.04.17"]
[Round "4"]
[White "Basdar, Atakan"]
[Black "Kazantzoglou, Stefanos"]
[Result "0-1"]
[WhiteElo "1297"]
[BlackElo "1645"]
[PlyCount "46"]
[EventDate "2021.04.17"]
[EventType "swiss (rapid)"]
[EventRounds "8"]
[EventCountry "NET"]
[SourceTitle "EXT 2023"]
[Source "ChessBase"]
[SourceDate "2022.10.05"]
[SourceVersion "1"]
[SourceVersionDate "2022.10.05"]
[SourceQuality "1"]

1. Nf3 Nf6 2. g3 g6 3. b3 Bg7 4. Bb2 0-0 5. Bg2 Nc6 6. 0-0 d6 7. d4 Bf5 8. a3 Qd7 9. c4 Bh3 10. Nc3 Bxg2 11. Kxg2 e6 12. e4 Rad8 13. d5 exd5 14. exd5 Ne7 15. Re1 Nf5 16. Nd4 Nxd4 17. Qxd4 Qf5 18. Qxa7 Ng4 19. h3 Ne5 20. Qe3 Nd3 21. Reb1 Rfe8 22. Qd2 Bd4 23. Nd1 Ne1+ 0-1